|
|
|
|
| LEADER |
00000nab a2200000 a 4500 |
| 001 |
vtls011117944 |
| 003 |
SK-MaSNL |
| 005 |
20260303145324.0 |
| 008 |
230222|2011 xo |||||||||||||||||slo| |
| 015 |
|
|
|a SNBRB
|
| 035 |
|
|
|a (uuid)e7fe8162-5fb4-4764-9399-bf15f99823e0
|
| 035 |
|
|
|a (urnnbn)urn:nbn:sk:snk:ar-a08m6q
|
| 035 |
|
|
|a urn:nbn:sk:snk-ab9o9h
|
| 040 |
|
|
|a SNKBUCL
|b slo
|c SNKBUCL
|e AACR2
|
| 041 |
0 |
|
|a slo
|
| 044 |
|
|
|a xo
|c SK
|
| 100 |
1 |
|
|a Valentová, Karina
|4 aut
|9 830692
|
| 245 |
1 |
0 |
|a ANALÝZA TEPLOTNÝCH POLÍ V OKOLÍ OHRIEVANÉHO TELESA
|c Karina Valentová, Jozef Černecký
|
| 246 |
3 |
|
|a ANALYSIS OF TEMPERATURE FIELDS IN THE VICINITY OF THE HEATED BODY
|
| 700 |
1 |
|
|a Černecký, Jozef,
|d 1959-
|4 aut
|9 201696
|
| 773 |
0 |
|
|t Acta Facultatis technicae Zvolen : vedecký časopis Fakulty environmentálnej a výrobnej techniky
|g Roč. 16, č. 1 (2011), s. 153-164
|
| 954 |
|
|
|a odborná, vedecká literatúra pôvodná (slovenská)
|2 lita
|
| 958 |
|
|
|a OND
|
| 958 |
|
|
|a EUIPO
|
| 958 |
|
|
|a article13
|
| 999 |
|
|
|c 2002177
|d 2004107
|